Statistics for Heaviest Land Mammals

Click here to take the quiz!

General Stats

  • This quiz has been taken 159 times
  • The average score is 6 of 11

Answer Stats

mass Answer % Correct
4,000 lbs (1,800 kg)Hippopotamus
90%
24,000 lbs (11,000 kg)African Elephant
84%
12,100 ;bs (5,500 kg)Asian Elephant
82%
2,700 lbs (1,200 kg)Giraffe
76%
3,100 lbs (1,400 kg)Black Rhinoceros
58%
5,100 lbs (2,300 kg)White Rhinoceros
57%
1,400 lbs (640 kg)Water Buffalo
36%
2.200 lbs (1,000 kg)Walrus
28%
2,800 lbs (1,300 kg)American Bison
27%
1,300 lbs (590 kg)Cape Buffalo
23%
3,300 lbs (1,500 kg)Gaur (Indian Bison)
16%

Score Distribution

Percentile by Number Answered

Percent of People with Each Score

Your Score History

You have not taken this quiz